Storočnica Júliusa Barča-Ivana

Bibliographic Details
Main Author: Kret, Anton, 1930-2019 (Author)
Format: Article
Language:Slovak
ISSN:0037-699X
Subjects:

MARC

LEADER 00000nab a2200000 a 4500
001 vtls009969205
003 SK-MaSNL
005 20260304214211.0
008 250506c2009 xo qr|p|||||||000 b|slo
015 |a SNBRB2009/11  |2 snkbucl 
035 |a urn:nbn:sk:snk-ab8egx 
035 |a (urnnbn)urn:nbn:sk:snk:ar-a09drr 
035 |a (uuid)55f84a5a-7faf-4081-b9ab-89c68b784877 
038 |a SNKBUCL 
040 |a SNKBUCL  |b slo  |c SNKBUCL  |e AACR2 
041 0 |a slo  |b eng 
044 |a xo  |c SK 
080 |a 82:929:821.162.4-2  |2 2001 
080 |a 821.162.4-2:929  |2 2001 
080 |a 929 Barč-Ivan, Július  |2 2001 
100 1 |a Kret, Anton,  |d 1930-2019  |4 aut  |9 102081 
245 1 0 |a Storočnica Júliusa Barča-Ivana  |c Anton Kret 
546 |a Res. angl. 
600 1 7 |a Barč-Ivan, Július,  |d 1909-1953  |2 snkbucl  |9 7072 
655 7 |a štúdie  |2 snkbucl  |9 57033 
773 0 |t Slovenské divadlo  |g Roč. 57, č. 2-3 (2009), s. 129-133  |x 0037-699X 
850 |a Slovenská národná knižnica 
852 |a Slovenská národná knižnica 
954 |a odborná, vedecká literatúra pôvodná (slovenská)  |2 lita 
958 |a article9 
958 |a OND 
958 |a BX 
958 |a NB 
958 |a EUIPO 
999 |c 3140059  |d 3141989